000
00339 a2200109 4500
001
ART_11480
005
20260410161858.0
008
260409a
245
1
0
_a
Apertura, Integración y Pymes Metalmecánica en Córdoba
100
1
_a
Motta, Jorge J.
773
0
_t
Revista de Economía
_g
- Nº 70 (jul./sep. 1993)
_w
REV11077
999
_c
25615
_d
25615